00676nam a2200205Ia 4500003000400000008004100004020002300045040000800068100001800076245008200094260003900176300001300215365001100228901002100239902003100260903005800291942001200349952009200361999001700453LDD181029s9999 xx 000 0 und d a8184041659c350.00 cLDD aGough,Michael 0aVideo Conferencing over IPbConfigure, Secure and TroubleshootcMichael Gough aNew DelhibShroff publishersc2006 axx,314p. b350.00 a3905b29-03-2007 a1397b07-05-2007cFdBBe0 aDiscount-10bReqst by : Moumita Das  2ddccBK 00102ddc4070978962aLDDbLDDl0o371.3358 G726Vp062296r2018-11-01w2018-11-01yBK c78963d78963